| 000 | 00641cam a22002172 4500 | ||
|---|---|---|---|
| 001 | 0000002152 | ||
| 005 | 20151217161130.0 | ||
| 008 | 070403s xx 000 0 eng d | ||
| 020 |
_a0761927719 : _cGBP 25.60 |
||
| 040 |
_aKABU _cKABU |
||
| 050 | 0 |
_aHF5412 _b.G68 |
|
| 100 | 1 |
_aGovoni, Norman A. _@0000151406 |
|
| 245 | 1 | 0 | _aDictionary of marketing communications. |
| 260 |
_aLondon : _bSage, _c2004. |
||
| 300 | _av, 249 p. | ||
| 650 | 0 |
_aMarketing _vDictionaries. _@0000151407 |
|
| 908 | _a070403 | ||
| 950 | _@1 | ||
| 999 |
_c14898 _d14898 |
||